书目信息 |
| 题名: |
质量控制手册
|
|
| 作者: | 朱兰 , Juran 主编 | |
| 分册: | 上册 | |
| 出版信息: | 上海 上海科学技术文献出版社 1979 |
|
| 页数: | 625页 | |
| 开本: | 20cm | |
| 丛书名: | ||
| 单 册: | ||
| 中图分类: | T-62 | |
| 科图分类: | ||
| 主题词: | 工程技术人员--手册 , 工程技术手册 | |
| 电子资源: | ||
| ISBN: | ||
| 000 | 00700nam0 2200253 45 | |
| 001 | 0179007941 | |
| 005 | 20040927093146.8 | |
| 010 | @dCNY5.00 | |
| 091 | @a15192.57 | |
| 100 | @a19950716d1979 em y0chiy0121 ea | |
| 101 | 0 | @achi |
| 102 | @aCN@b310000 | |
| 105 | @ay z 000yy | |
| 106 | @ar | |
| 200 | 10 | @a质量控制手册@Azhi liang kong zhi shou ce@h上册@f(美)朱兰(J.M.Juran)主编@g《质量控制手册》编译组编 |
| 210 | @a上海@c上海科学技术文献出版社@d1979 | |
| 215 | @a625页@d20cm | |
| 606 | 0 | @a工程技术人员@x手册 |
| 606 | 0 | @a工程技术手册 |
| 690 | @aT-62 | |
| 701 | 1 | @a朱兰@Azhu lan@bJ.M.@4主编 |
| 701 | 1 | @aJuran@bJ.M.@4主编 |
| 801 | 0 | @aCN@bNLC@c20040927 |
| 905 | @f1@b62353@dT-62@e49:1 | |
| 质量控制手册.上册/(美)朱兰(J.M.Juran)主编/《质量控制手册》编译组编.-上海:上海科学技术文献出版社,1979 |
| 625页;20cm |
| ISBN :CNY5.00 |
| ● |
| 相关链接 |
|
|
|
|
正题名:质量控制手册
索取号:T-62/49:1
 
预约/预借
| 序号 | 登录号 | 条形码 | 馆藏地/架位号 | 状态 | 备注 |
| 1 | 0062353 | 000882888 | 第二样本阅览室/ [索取号:T-62/49:1] | 在馆 |